000 00832nas a2200277 4500
001 BR0003952
003 BR-BrBNA
005 20231205101952.0
007 ta
008 230509b bl.|||p| |||| 00| 00por d
040 _aBR-BrBNA
_bpor
_cBiblioteca Nacional de Agricultura
041 _a(Pt)
072 _aF04
100 1 _aStamford, N.P.
100 1 _aSilva, R.A. da
245 1 _aEfeito da calagem e inoculacao de sabia em solo da mata umida e do semi-arido de Pernambuco
650 _aSabia
650 _aCalcario
650 _aFixacao de Nitrogenio
650 _aRhizobium
650 _aSolo Acido
650 _aPernambuco
773 0 _tPesquisa Agropecuaria Brasileira (Brazil)
_xISSN 0100-204X
_g(May 2000), v. 35(5) p. 1037-1045
_wBR0003952
909 _a202311
_bLúcia
_c55
_dLúcia Elande
942 _2AGRIS
_n0
_cANA
999 _c165000
_d165000